ბათუმის შოთა რუსთაველის სახელმწიფო უნივერსიტეტის ბიბლიოთეკა

დედა ენა. ნაწ. 2 : საკითხავი წიგნი : (ბიბ.ჩანაწერი № 53395)

000 -ლიდერი
ფიქსირებული სიგრძის საკონტროლო ველი 01382nam a2200265Ia 4500
001 - საკონტროლო ნომერი
საკონტროლო ველი 20438
003 - საკონტროლო ნომრის იდენტიფიკატორი
საკონტროლო ველი GE_BSU
005 - ბოლო ოპერაციის თარიღი და დრო
საკონტროლო ველი 20201201233832.0
008 - ფიქსირებული სიგრძის მონაცემთა ელემენტები - ზოგადი ინფორმაცია
ფიქსირებული სიგრძის საკონტროლო ველი 181216s1912||||ge |||||||||||||| ||geo||
040 ## - კატალოგიზაციის წყარო
Transcribing agency GE_BSU
041 ## - ენის კოდი
Language code of text/sound track or separate title geo
080 ## - უნივერსალური ათობითი კლასიფიკაციის ინდექსი
Universal Decimal Classification number 811.353.1-8(075.3) გ-59
100 ## - მთავარი ჩანაწერი - პიროვნების სახელი
Personal name გოგებაშვილი, იაკობ (1840-1912)
9 (RLIN) 9815
245 ## - ცნობა სათაურის შესახებ
Title დედა ენა. ნაწ. 2 : საკითხავი წიგნი :
Remainder of title ანბანის შემდეგ სკოლებში სახმარ 2 წლის სრული კურსი /
Statement of responsibility, etc შედგენილი იაკობ გოგებაშვილის მიერ.
250 ## - გამოცემის ცნობა
Edition statement 27 გამოცემა
264 ## - წარმოების, გამოცემის, დისტრიბუციის და სხვა ცნობები
გამოცემის, წარმოების, დისტრიბუციის... ადგილი თბილისი :
გამოცემის, წარმოების, დისტრიბუციის... სახელწოდება ს. ლოსაბერიძის სტ. განათლება,
გამოცემის, წარმოების, დისტრიბუციის... თარიღი 1912.
300 ## - ფიზიკური აღწერა
Extent 288 გვ. :
Other physical details ილ. ;
Dimensions 21სმ.
490 ## - სერიის ცნობა
Series statement წერა კითხვის საზოგადოების გამოცემა
653 ## - INDEX TERM--UNCONTROLLED
Uncontrolled term დედა ენა ნაწილი 2
653 ## - INDEX TERM--UNCONTROLLED
Uncontrolled term საკითხავი წიგნი
653 ## - INDEX TERM--UNCONTROLLED
Uncontrolled term ანბანის შემდეგ სკოლებში სახმარ 2 წლის სრული კურსი
653 ## - INDEX TERM--UNCONTROLLED
Uncontrolled term ქართული ენა
942 ## - ADDED ENTRY ELEMENTS (KOHA)
Koha item type წიგნი
Source of classification or shelving scheme
ეგზემპლარები
ჩამოწერის სტატუსი დაკარგული ეგზემპლარის სტატუსი კლასიფიკაციის წყარო ან თაროზე გაწყობის სქემა დაზიანების სტატუსი არ გაიცემა მუდმივი მდებარეობა (დაცვის ადგილი) ამჟამინდელი ადგილსამყოფელი თაროზე განთავსების ადგილი შეძენის თარიღი ღირებულება, შესყიდვის ნორმალური ფასი სრული შენახვის შიფრი შტრიხკოდი ბოლო ოპერაციის თარიღი ეგზემპლარის მიმდევრობითი ნომერი (კეტერი?) ფასის ძალაში შესვლის თარიღი ეგზემპლარის სახეობა საჯარო შენიშვნა
          ბათუმის შოთა რუსთაველის სახელმწიფო უნივერსიტეტის მთავარი ბიბლიოთეკა ბათუმის შოთა რუსთაველის სახელმწიფო უნივერსიტეტის მთავარი ბიბლიოთეკა წიგნსაცავი 2018-12-17 1.44 811.353.1-8(075.3) გ-59 53404 2018-12-17 53404 2018-12-17 წიგნი 1.44 ლ.
          ბათუმის შოთა რუსთაველის სახელმწიფო უნივერსიტეტის მთავარი ბიბლიოთეკა ბათუმის შოთა რუსთაველის სახელმწიფო უნივერსიტეტის მთავარი ბიბლიოთეკა წიგნსაცავი 2018-12-17 1.44 811.353.1-8(075.3) გ-59 53405 2018-12-17 53405 2018-12-17 წიგნი 1.44 ლ.
          ბათუმის შოთა რუსთაველის სახელმწიფო უნივერსიტეტის მთავარი ბიბლიოთეკა ბათუმის შოთა რუსთაველის სახელმწიფო უნივერსიტეტის მთავარი ბიბლიოთეკა წიგნსაცავი 2018-12-17 1.44 811.353.1-8(075.3) გ-59 53406 2018-12-17 53406 2018-12-17 წიგნი 1.44 ლ.
          ბათუმის შოთა რუსთაველის სახელმწიფო უნივერსიტეტის მთავარი ბიბლიოთეკა ბათუმის შოთა რუსთაველის სახელმწიფო უნივერსიტეტის მთავარი ბიბლიოთეკა წიგნსაცავი 2018-12-17 5.00 811.353.1-8(075.3) გ-59 53407 2018-12-17 53407 2018-12-17 წიგნი 5.00 ლ.